[Event "EU-ch U18 24th"]
[Site "Batumi"]
[Date "2014.10.23"]
[Round "5"]
[White "Ott, Florian"]
[Black "Dotiashvili, Vasil"]
[Result "1-0"]
[WhiteElo "2173"]
[BlackElo "1697"]
[PlyCount "83"]
[EventDate "2014.10.19"]
[EventType "swiss"]
[EventRounds "9"]
[EventCountry "GEO"]
[SourceTitle "EXT 2015"]
[Source "ChessBase"]
[SourceDate "2014.11.20"]
[SourceVersion "1"]
[SourceVersionDate "2014.11.20"]
[SourceQuality "1"]

1. d4 d5 2. c4 e6 3. Nc3 Nf6 4. cxd5 exd5 5. Bg5 Be7 6. e3 0-0 7. Bd3 c6 8. Qc2 h6 9. Bh4 Re8 10. Nge2 Ne4 11. Bxe7 Qxe7 12. Nxe4 dxe4 13. Bc4 Be6 14. Bxe6 Qxe6 15. Nf4 Qd6 16. 0-0 Na6 17. Rfc1 Rac8 18. Qa4 Red8 19. h3 Qb4 20. Qc2 Qe7 21. Qb3 c5 22. Qa3 Qd6 23. Rc3 Rc6 24. dxc5 Rxc5 25. Rxc5 Qxc5 26. Qxc5 Nxc5 27. Rc1 b6 28. b4 Na6 29. a3 Kf8 30. Rc4 g5 31. Nh5 Rd3 32. Rc8+ Ke7 33. Ra8 Rd7 34. Ng3 Nc7 35. Rxa7 Nb5 36. Ra6 Nd6 37. Ne2 Nf5 38. Nc3 Nh4 39. Rxb6 f5 40. Rc6 f4 41. exf4 e3 42. fxe3 1-0

[Event "GEO-chT Club"]
[Site "Ureki"]
[Date "2014.09.28"]
[Round "2.4"]
[White "Dotiashvili, Vasil"]
[Black "Javakhadze, Zurab"]
[Result "0-1"]
[WhiteElo "1800"]
[BlackElo "2423"]
[PlyCount "70"]
[EventDate "2014.09.27"]
[EventType "team-tourn"]
[EventRounds "7"]
[EventCountry "GEO"]
[SourceTitle "CBM 162 Extra"]
[Source "ChessBase"]
[SourceDate "2014.10.17"]
[SourceVersion "1"]
[SourceVersionDate "2014.10.17"]
[SourceQuality "1"]
[WhiteTeam "Gori"]
[BlackTeam "Kutaisi"]
[WhiteTeamCountry "GEO"]
[BlackTeamCountry "GEO"]

1. e4 c5 2. Nf3 d6 3. d4 cxd4 4. Nxd4 Nf6 5. Nc3 g6 6. Be2 Bg7 7. Be3 Nc6 8. Qd2 Ng4 9. Bxg4 Bxg4 10. f3 Bd7 11. Nxc6 bxc6 12. Bd4 f6 13. Be3 h5 14. Qd3 Qa5 15. 0-0 Be6 16. Ne2 Bf7 17. Kh1 d5 18. Nd4 Rc8 19. Nb3 Qc7 20. c3 0-0 21. Rfe1 e5 22. Qa6 Ra8 23. Bc5 Rfb8 24. Na5 Rxb2 25. Nxc6 dxe4 26. fxe4 Kh7 27. Bb4 Qd7 28. Red1 Qg4 29. Rg1 Qxe4 30. Rae1 Qg4 31. Ne7 Rd8 32. Qb7 a5 33. Re4 Qe6 34. Nc6 Rd7 35. Qc8 axb4 0-1